Language Quiz

Random Language Quiz

Irregular Past Perfect Tense Quiz Stats

 Plays Quiz not verified by Sporcle

Also try: Double C Words
Challenge
Share
Tweet
Embed
Score 0/15 Timer 05:00
0 Plays Today
present tense past perfect tense (had...) % Correct
beginhad begun
99.3%
breakhad broken
97.3%
bringhad brought
96.3%
dohad done
95.9%
drinkhad drunk
94.6%
eathad eaten
93.2%
givehad given
93.2%
gohad gone
93.2%
present tense past perfect tense (had...) % Correct
losehad lost
92.9%
knowhad known
89.8%
ringhad rung
87.4%
singhad sung
87.1%
ridehad ridden
85%
swimhad swum
84.4%
risehad risen
83.3%

You're not logged in!

Compare scores with friends on all Sporcle quizzes.
Join for Free
OR
Log In

You Might Also Like...

Show Comments

Extras

Top Quizzes Today


Score Distribution

Your Account Isn't Verified!

In order to create a playlist on Sporcle, you need to verify the email address you used during registration. Go to your Sporcle Settings to finish the process.

Report this User

Report this user for behavior that violates our Community Guidelines.

Details: